Adapt and thrive (Record no. 85180)

MARC details
000 -LEADER
fixed length control field 01066cab a22002415a 4500
001 - CONTROL NUMBER
control field L160152
008 - FIXED-LENGTH DATA ELEMENTS--GENERAL INFORMATION
fixed length control field 180820e2018 xxk 000 0 eng d
035 ## - SYSTEM CONTROL NUMBER
System control number (Sirsi) u160152
041 0# - LANGUAGE CODE
Language code of text/sound track or separate title eng
100 1# - MAIN ENTRY--PERSONAL NAME
Personal name Gosden, Helene
245 00 - TITLE STATEMENT
Title Adapt and thrive
Medium [electronic resource]
260 ## - PUBLICATION, DISTRIBUTION, ETC.
Date of publication, distribution, etc. 2018
490 ## - SERIES STATEMENT
Series statement RICS Property Journal
Volume/sequential designation July-August 2018, 30-31(2)
520 ## - SUMMARY, ETC.
Summary, etc. Part two of two articles looking at redaptive re-use of existing buildings considers the challenges of adapting and refurbishing building for alternative use. Case studies feature examples of succussful adaptations and how some of challenges have been overcome such as condititon of the building, floor to ceiling height, depth, layout and access. (For Part 1 see L160151)
650 24 - SUBJECT ADDED ENTRY--TOPICAL TERM
Topical term or geographic name entry element CONVERSION
650 24 - SUBJECT ADDED ENTRY--TOPICAL TERM
Topical term or geographic name entry element ALTERATION
650 24 - SUBJECT ADDED ENTRY--TOPICAL TERM
Topical term or geographic name entry element REGENERATION
651 #4 - SUBJECT ADDED ENTRY--GEOGRAPHIC NAME
Geographic name United Kingdom
Chronological subdivision
690 ## - LOCAL SUBJECT ADDED ENTRY--TOPICAL TERM (OCLC, RLIN)
Topical term or geographic name as entry element Refurbishment
9 (RLIN) 6264
690 ## - LOCAL SUBJECT ADDED ENTRY--TOPICAL TERM (OCLC, RLIN)
Topical term or geographic name as entry element Sustainability
9 (RLIN) 6271
856 40 - ELECTRONIC LOCATION AND ACCESS
Uniform Resource Identifier <a href="https://issuu.com/ricsmodus/docs/property_journal_july-august_2018">https://issuu.com/ricsmodus/docs/property_journal_july-august_2018</a>
Link text Available free online via Issuu
942 ## - ADDED ENTRY ELEMENTS (KOHA)
Suppress in OPAC 0
Holdings
Withdrawn status Lost status Source of classification or shelving scheme Damaged status Not for loan Home library Current library Shelving location Date acquired Total Checkouts Full call number Barcode Date last seen Copy number Price effective from Koha item type
    Dewey Decimal Classification     Virtual Virtual Books 20/08/2018   ONLINE PUBLICATION 160152-2001 06/08/2019 1 06/08/2019 Book